000
00281nam a22001217a 4500
008
190306b xxu||||| |||| 00| 0 eng d
041
_a
eng
080
_a
617
100
_a
8
101
_a
ORT
245
_a
Orthopaedic Self-Assessment Examination
_c
Albright,J.P
942
_2
udc
_c
BK
999
_c
54590
_d
54590